Common Themed Answers II Quiz Stats

 Plays Quiz Updated Jun 12, 2018

Score 0/26 Timer 07:00
7 Plays Today
Hint Answer % Correct
Make a picture or pull a gun in a shootoutDraw
84%
Sistine or ChristineChapel
83.5%
Curious George, Abu, Mojo, or GleekMonkey
83%
Comes after Switzer, Disney or Never NeverLand
82.7%
One has to pay this to drive on a turnpikeToll
81.6%
Person on a sidewalk or crosswalkPedestrian
81.3%
What someone with a flat foot lacksArch
74.5%
100th anniversary celebrationCentennial
68.1%
Harbor where the USS Arizona Memorial liesPearl
63.6%
Type of Falcon in Star Wars?Millennium
63.5%
Director Polanski who directed 'Chinatown'Roman
61.7%
Opposite of expandContract
60.5%
Disciplinary action by a school or sports leagueSuspension
59.6%
Hint Answer % Correct
What the people of Babel tried to construct in the book of Genesis Tower
56.3%
Where the Dodgers used to playBrooklyn
53.4%
Napoleon's last hurrahWaterloo
52.4%
Jack who wrote 'Call of the Wild' London
51.8%
Word that can follow any of the above answersBridge
50.1%
Largest university in D.C. George Washington
42.7%
Alliterative American poet who wrote
'Leaves of Grass'
Walt Whitman
35.7%
Bengal or BiscayBay
31.5%
Waterway connecting the Red Sea and the Mediterranean SeaSuez Canal
30.2%
A type of wagon or a word that describes the Beatles' version of 'Twist & Shout'Covered
29.7%
NFL quarterback Newton;
or a suffix with spy or Web
Cam
25.7%
The Sydney Opera House overlooks
this body of water
Sydney Harbour
15.9%
Strait that runs through Istanbul, TurkeyBosphorus
9.6%

You're not logged in!

Compare scores with friends on all Sporcle quizzes.
OR
Log In

You Might Also Like...

Show Comments

Extras

Top Quizzes Today


Score Distribution

Your Account Isn't Verified!

In order to create a playlist on Sporcle, you need to verify the email address you used during registration. Go to your Sporcle Settings to finish the process.

Report this User

Report this user for behavior that violates our Community Guidelines.

Details: